[Event "40th BAN National Women Chess-ch 2021"]
[Site "Dhaka"]
[Date "2022.01.04"]
[Round "7.1"]
[White "Noshin, Anjum"]
[Black "Nusrat Jahan, Alo"]
[Result "1-0"]
[WhiteElo "2045"]
[BlackElo "1766"]
[Annotator "ChessBase"]
[PlyCount "101"]
[EventDate "2021.12.29"]
[EventCountry "BAN"]
[SourceTitle "playchess.com"]
[Source "ChessBase"]
[SourceQuality "1"]
[TimeControl "40/5400+30:1800+30"]

1. e4 {[%emt 0:00:06]} c5 {[%emt 0:00:09]} 2. d4 {[%emt 0:00:12]} cxd4 {[%emt 0:00:07]} 3. Qxd4 {[%emt 0:00:32]} Nc6 {[%emt 0:00:10]} 4. Qd1 {[%emt 0:00:06]} Nf6 {[%emt 0:01:08]} 5. Nc3 {[%emt 0:00:23]} e6 {[%emt 0:02:34]} 6. Bd3 {[%emt 0:04:48]} Bb4 {[%emt 0:07:18]} 7. Nge2 {[%emt 0:10:53]} d5 {[%emt 0:13:33]} 8. exd5 {[%emt 0:01:37]} Nxd5 {[%emt 0:01:19]} 9. Bd2 {[%emt 0:00:26]} O-O {[%emt 0:02:44]} 10. O-O {[%emt 0:03:16]} Nf6 {[%emt 0:07:34]} 11. Bg5 {[%emt 0:15:12]} Be7 {[%emt 0:07:38]} 12. a3 {[%emt 0:24:01]} a6 {[%emt 0:07:24]} 13. Ng3 {[%emt 0:04:04]} h6 {[%emt 0:04:30]} 14. Be3 {[%emt 0:01:51]} b5 {[%emt 0:04:22]} 15. Be2 {[%emt 0:06:14]} Qc7 {[%emt 0:03:47]} 16. Bf3 {[%emt 0:00:26]} Bb7 {[%emt 0:00:20]} 17. Qe2 {[%emt 0:00:47]} Rfd8 {[%emt 0:01:22]} 18. Rfd1 {[%emt 0:24:36]} Rd7 {[%emt 0:01:42]} 19. Nge4 {[%emt 0:00:00]} Nxe4 {[%emt 0:05:37]} 20. Rxd7 {[%emt 0:00:00]} Qxd7 {[%emt 0:00:54]} 21. Bxe4 {[%emt 0:00:00]} Qc7 {[%emt 0:01:28]} 22. Rd1 {[%emt 0:00:00]} Bf6 {[%emt 0:01:29]} 23. g3 {[%emt 0:00:00]} Rd8 {[%emt 0:05:04]} 24. Bf4 {[%emt 0:00:00]} Rxd1+ {[%emt 0:03:05]} 25. Qxd1 {[%emt 0:00:00]} e5 {[%emt 0:00:25]} 26. Nd5 {[%emt 0:00:00]} Qd8 {[%emt 0:01:51]} 27. Nxf6+ {[%emt 0:00:00]} Qxf6 {[%emt 0:00:03]} 28. Qd7 {[%emt 0:00:00]} Qe7 {[%emt 0:07:30]} 29. Qxe7 {[%emt 0:00:18]} Nxe7 {[%emt 0:00:10]} 30. Bxb7 {[%emt 0:00:15]} exf4 {[%emt 0:00:07]} 31. Bxa6 {[%emt 0:00:11]} b4 {[%emt 0:01:25]} 32. axb4 {[%emt 0:00:26]} Nd5 {[%emt 0:00:29]} 33. c3 {[%emt 0:00:36]} Kf8 {[%emt 0:00:37]} 34. Kg2 {[%emt 0:00:37]} Ke7 {[%emt 0:00:16]} 35. Bb7 {[%emt 0:00:14]} Nb6 {[%emt 0:01:06]} 36. b3 {[%emt 0:00:10]} fxg3 {[%emt 0:00:31]} 37. fxg3 {[%emt 0:00:30]} Kd6 {[%emt 0:00:41]} 38. Kf3 {[%emt 0:02:40]} Nd7 {[%emt 0:00:39]} 39. Ke3 {[%emt 0:00:55]} Ne5 {[%emt 0:00:19]} 40. h3 {[%emt 0:00:00]} f6 {[%emt 0:00:00]} 41. c4 {[%emt 0:03:01]} Nf7 {[%emt 0:03:34]} 42. Bd5 {[%emt 0:00:39]} Ne5 {[%emt 0:00:51]} 43. Kd4 {[%emt 0:00:24]} g6 {[%emt 0:01:25]} 44. c5+ {[%emt 0:00:19]} Kc7 {[%emt 0:00:24]} 45. b5 {[%emt 0:00:08]} Nd7 {[%emt 0:01:11]} 46. b4 {[%emt 0:00:20]} g5 {[%emt 0:00:58]} 47. b6+ {[%emt 0:00:27]} Kb8 {[%emt 0:00:19]} 48. b5 {[%emt 0:00:22]} h5 {[%emt 0:00:20]} 49. Be6 {[%emt 0:00:43]} Ne5 {[%emt 0:00:30]} 50. c6 {[%emt 0:00:18]} h4 {[%emt 0:00:16]} 51. c7+ {[%emt 0:00:09]} 1-0

[Event "40th BAN National Women Chess-ch 2021"]
[Site "Dhaka"]
[Date "2022.01.04"]
[Round "7.2"]
[White "Sultana, Sharmin Shirin"]
[Black "Ahmed, Walijah"]
[Result "1/2-1/2"]
[WhiteElo "1975"]
[BlackElo "1919"]
[Annotator "TA"]
[PlyCount "110"]
[EventDate "2021.12.29"]
[EventCountry "BAN"]
[SourceTitle "playchess.com"]
[Source "ChessBase"]
[SourceQuality "1"]

{[%evp 11,110,-3,0,0,0,-14,-18,-17,-23,-39,-25,-22,-13,-48,-7,-65,-71,-150,-157,-146,-31,-28,-35,-41,-16,-83,-63,-59,-57,-74,-25,-103,-62,-97,-80,-114,-104,-111,-105,-114,-108,-122,-119,-130,-125,-139,-125,-125,-124,-130,-122,-126,-86,-81,-18,-10,-8,-16,-15,-13,0,0,0,0,0,0,142,142,182,171,185,134,135,128,135,0,0,0,0,0,0,0,0,0,0,0,0,0,0,0,0,0,0,0,0,0,0,0,0,0,0]} 1. d4 d5 2. Nf3 Nf6 3. Bf4 e6 4. e3 Bd6 5. Bg3 O-O 6. Bd3 c5 7. c3 {D02: 1 d4 d5 2 Nf3 sidelines, including 2...Nf6 3 g3 and 2...Nf6 3 Bf4.} Qc7 $1 {[%mdl 4] is currently scoring better than 7...Nc6.} 8. Ne5 Nbd7 {[%cal Rd7e5]} 9. f4 Ne4 10. Nd2 Nxd2 11. Qxd2 Nf6 {[#]} 12. Bh4 $146 ({Predecessor:} 12. O-O b6 13. Rad1 cxd4 14. cxd4 Ne4 15. Bxe4 dxe4 16. d5 Ba6 17. Rc1 Qb7 18. Rfd1 Bxe5 19. fxe5 Qxd5 20. Qxd5 exd5 21. Rxd5 Rac8 {½-½ (21) Gareyev,T (2606)-Moradiabadi,E (2555) Chess.com INT 2020}) 12... Ne4 (12... c4 $15 13. Bc2 Ne4) 13. Qe2 (13. Bxe4 $11 dxe4 14. Nc4) 13... cxd4 $15 14. Bxe4 ({White should play} 14. exd4 f6 15. Nf3) 14... dxe4 $17 15. cxd4 Bb4+ (15... f6 $17 16. Ng4 (16. Nc4 Bb4+ 17. Kf2 e5 $17) 16... Qa5+ 17. Kf1 b6) 16. Kf2 $15 f6 17. Rhc1 Qb8 18. Ng4 (18. Nc4 $11 {keeps the balance.}) 18... Bd6 $17 19. Kg1 Bd7 20. Nf2 {[#]} Bc6 (20... f5 $1 $17) 21. Qc2 (21. Rxc6 $11 bxc6 22. Nxe4) 21... f5 (21... g5 $17 22. Bg3 gxf4 23. exf4 f5) 22. Nh3 Qe8 23. a4 Bd5 24. Be1 Qd7 25. Qe2 Rac8 26. Bc3 a6 {[%cal Ba7a6,Ba6b5,Bb5b4][%mdl 32]} 27. Ng5 h6 28. Nh3 b5 29. axb5 axb5 ({Stronger than} 29... Qxb5 30. Qd2) 30. Qd2 Qe7 {[#] And now ...b4 would win.} 31. Ba5 b4 {Hoping for ...Qb7.} 32. Bb6 Ra8 (32... b3 $17) 33. Rxa8 $1 $11 Rxa8 34. Nf2 {[%cal Bh3f2,Bf2g4,Bg4e5][%mdl 32]} Qb7 35. Bc5 Bxc5 36. dxc5 Qb5 37. g4 $1 fxg4 38. Nxg4 Ra2 (38... Rc8 $1 $11 {remains equal.}) 39. Ne5 $16 Ra6 {Prevents c6.} 40. Kh1 b3 41. h3 (41. f5 $18) 41... Qe8 42. Qe2 Qa8 43. Qh5 {White is more active.} (43. Kg2 $16) 43... Ra1 $1 $11 {The position is equal.} 44. Qf7+ Kh7 (44... Kh8 $5 {[%cal Ra1c1]}) 45. Qg6+ Kg8 46. Qf7+ Kh8 47. Rxa1 Qxa1+ 48. Kg2 {Threatens to win with Ng6+.} Qxb2+ 49. Kg3 {Ng6+ is the strong threat. The board is on fire.} Qc3 50. Kg4 {White threatens Ng6+ and mate.} Qxe3 51. Qe8+ Kh7 52. Qg6+ Kg8 53. Qe8+ Kh7 54. Qg6+ Kg8 {( -> ...Qg1+)} 55. Qe8+ Kh7 {Quite a comeback for White.  Weighted Error Value: White=0.17 (very precise) /Black=0.17 (very precise)} 1/2-1/2

[Event "40th BAN National Women Chess-ch 2021"]
[Site "Dhaka"]
[Date "2022.01.04"]
[Round "7.3"]
[White "Israt, Jahan Diba"]
[Black "Jannatul, Ferdous"]
[Result "1/2-1/2"]
[WhiteElo "1630"]
[BlackElo "1810"]
[Annotator "NA RC"]
[PlyCount "103"]
[EventDate "2021.12.29"]
[EventCountry "BAN"]
[SourceTitle "playchess.com"]
[Source "ChessBase"]
[SourceQuality "1"]
[TimeControl "40/5400+30:1800+30"]

1. e4 {[%emt 0:00:03]} c6 {[%emt 0:00:10]} 2. d4 {[%emt 0:00:05]} d5 {[%emt 0:00:02]} 3. Nc3 {[%emt 0:00:09]} dxe4 {[%emt 0:00:03]} 4. Nxe4 {[%emt 0:00:09]} Bf5 {[%emt 0:00:07]} 5. Ng3 {[%emt 0:00:06]} Bg6 $1 {[%emt 0:00:03]} 6. h4 {[%emt 0:00:11]} h6 {[%emt 0:00:04]} 7. Nf3 {[%emt 0:00:08]} Nd7 {[%emt 0:00:03]} 8. h5 {[%emt 0:00:12]} Bh7 {[%emt 0:00:01]} 9. Bd3 {[%emt 0:00:13]} Bxd3 {[%emt 0:00:05]} 10. Qxd3 {[%emt 0:00:11]} e6 {[%emt 0:00:08]} 11. Bd2 {[%emt 0:00:33]} Ngf6 {[%emt 0:00:17]} 12. O-O-O {[%emt 0:00:49]} Be7 {[%emt 0:02:14]} 13. Ne4 {[%emt 0:01:55]} Nxe4 {[%emt 0:01:13]} 14. Qxe4 {[%emt 0:00:09]} Nf6 {[%emt 0:00:41]} 15. Qe2 {[%emt 0:01:36]} Qd5 {[%emt 0:01:44]} 16. c4 {[%emt 0:03:51]} Qe4 {[%emt 0:02:54]} 17. Qxe4 {[%emt 0:06:49]} Nxe4 {[%emt 0:00:03]} 18. Be3 {[%emt 0:00:32]} O-O {[%emt 0:04:01]} 19. g4 {[%emt 0:01:42]} Rfd8 {[%emt 0:03:14]} 20. Rde1 {[%emt 0:06:47]} c5 {[%emt 0:18:55]} 21. Rhg1 {[%emt 0:05:17]} cxd4 {[%emt 0:05:12]} 22. Bxd4 {[%emt 0:04:22]} Ng5 {[%emt 0:02:38]} 23. Nxg5 {[%emt 0:06:21]} Rxd4 {[%emt 0:01:02]} 24. Ne4 {[%emt 0:04:54]} Rxc4+ {[%emt 0:00:31]} 25. Kb1 {[%emt 0:01:03]} Bb4 {[%emt 0:05:57]} 26. Re2 {[%emt 0:02:22]} Rd8 {[%emt 0:03:39]} 27. g5 {[%emt 0:02:07]} hxg5 {[%emt 0:06:07]} 28. Nxg5 {[%emt 0:02:32]} Rh4 {[%emt 0:01:53]} 29. Re4 {[%emt 0:03:55]} Rxe4 {[%emt 0:04:10]} 30. Nxe4 {[%emt 0:00:06]} Kf8 {[%emt 0:00:35]} 31. Ng5 {[%emt 0:46:51]} Be7 {[%emt 0:02:21]} 32. f4 {[%emt 0:00:00]} Rd4 {[%emt 0:08:41]} 33. Rc1 {[%emt 0:00:00]} Bxg5 {[%emt 0:10:22]} 34. fxg5 {[%emt 0:00:00]} e5 {[%emt 0:09:28]} 35. Rc8+ {[%emt 0:00:00]} Ke7 {[%emt 0:00:03]} 36. Rc7+ {[%emt 0:00:00]} Ke6 {[%emt 0:00:52]} 37. Rxb7 {[%emt 0:03:00]} a5 {[%emt 0:06:12]} 38. Ra7 {[%emt 0:00:00]} a4 {[%emt 0:01:21]} 39. Kc2 {[%emt 0:00:00]} Rh4 {[%emt 0:00:56]} 40. h6 {[%emt 0:00:00]} gxh6 {[%emt 0:00:00]} 41. gxh6 {[%emt 0:00:00]} f5 {[%emt 0:01:00]} 42. h7 {[%emt 0:00:00]} e4 {[%emt 0:11:48]} 43. b4 {[%emt 0:01:03]} axb3+ {[%emt 0:00:29]} 44. axb3 {[%emt 0:00:26]} Ke5 {[%emt 0:01:48]} 45. b4 {[%emt 0:01:49]} Kd4 {[%emt 0:06:58]} 46. b5 {[%emt 0:02:39]} Kc5 {[%emt 0:06:15]} 47. Rf7 {[%emt 0:05:41]} Kxb5 {[%emt 0:00:23]} 48. Kc3 {[%emt 0:02:33]} Rh3+ {[%emt 0:04:30]} 49. Kd4 {[%emt 0:02:28]} Rd3+ $2 {[%emt 0:01:37]} (49... Rh4 $11) 50. Ke5 {[%emt 0:00:09]} Rh3 {[%emt 0:00:38]} 51. Rxf5 {[%emt 0:00:33]} Rxh7 {[%emt 0:01:22]} 52. Kxe4+ $11 {[%emt 0:00:09]} 1/2-1/2

[Event "40th BAN National Women Chess-ch 2021"]
[Site "Dhaka"]
[Date "2022.01.04"]
[Round "7.4"]
[White "Talukder, Umme Taslima Protiva"]
[Black "Tasnia Tarannum, Orpa"]
[Result "1-0"]
[WhiteElo "1706"]
[BlackElo "1618"]
[Annotator "NA"]
[PlyCount "81"]
[EventDate "2021.12.29"]
[EventCountry "BAN"]
[SourceTitle "playchess.com"]
[Source "ChessBase"]
[SourceQuality "1"]
[TimeControl "40/5400+30:1800+30"]

1. d4 {[%emt 0:00:17]} d5 {[%emt 0:00:02]} 2. c4 {[%emt 0:00:09]} c6 {[%emt 0:00:02]} 3. Nc3 {[%emt 0:00:18]} e6 {[%emt 0:00:05]} 4. e3 {[%emt 0:00:31]} Nf6 {[%emt 0:00:05]} 5. Nf3 {[%emt 0:00:08]} Nbd7 {[%emt 0:00:14]} 6. a3 {[%emt 0:01:14]} dxc4 {[%emt 0:10:57]} 7. Bxc4 {[%emt 0:01:31]} b5 {[%emt 0:00:30]} 8. Be2 {[%emt 0:01:36]} Bb7 {[%emt 0:01:12]} 9. O-O {[%emt 0:01:36]} a6 {[%emt 0:00:23]} 10. Bd2 {[%emt 0:02:30]} c5 {[%emt 0:02:33]} 11. dxc5 {[%emt 0:06:00]} Bxc5 {[%emt 0:01:09]} 12. Rc1 {[%emt 0:07:44]} Qb8 {[%emt 0:02:16]} 13. Nd4 {[%emt 0:06:54]} Bd6 {[%emt 0:05:33]} 14. h3 {[%emt 0:03:06]} Ne5 {[%emt 0:10:45]} 15. Na2 {[%emt 0:04:07]} Nd5 {[%emt 0:22:23]} 16. f4 {[%emt 0:09:40]} Nc4 {[%emt 0:01:29]} 17. Bxc4 {[%emt 0:01:02]} bxc4 {[%emt 0:00:01]} 18. Rxc4 {[%emt 0:08:10]} O-O {[%emt 0:00:14]} 19. Nb4 {[%emt 0:04:59]} Ne7 {[%emt 0:10:42]} 20. Qc2 {[%emt 0:07:20]} e5 {[%emt 0:03:28]} 21. Ndc6 {[%emt 0:32:08]} Nxc6 {[%emt 0:01:53]} 22. Nxc6 {[%emt 0:00:00]} Qe8 {[%emt 0:00:08]} 23. f5 {[%emt 0:00:00]} Qd7 {[%emt 0:03:55]} 24. e4 {[%emt 0:00:00]} Bxc6 {[%emt 0:03:39]} 25. Rxc6 {[%emt 0:00:00]} Rfd8 {[%emt 0:03:56]} 26. Be3 {[%emt 0:00:00]} Qb7 {[%emt 0:02:31]} 27. Rc1 {[%emt 0:00:00]} Bf8 {[%emt 0:08:29]} 28. Qc3 {[%emt 0:00:00]} f6 {[%emt 0:01:20]} 29. Qc4+ {[%emt 0:00:00]} Kh8 {[%emt 0:00:07]} 30. Bb6 {[%emt 0:00:00]} Re8 {[%emt 0:04:46]} 31. Kh2 {[%emt 0:00:00]} h6 {[%emt 0:00:16]} 32. a4 {[%emt 0:00:00]} a5 {[%emt 0:00:46]} 33. b3 {[%emt 0:00:00]} Kh7 {[%emt 0:00:30]} 34. Be3 {[%emt 0:00:00]} Kh8 {[%emt 0:00:33]} 35. Rc7 {[%emt 0:00:00]} Qb4 {[%emt 0:00:30]} 36. Qf7 {[%emt 0:00:00]} Kh7 {[%emt 0:00:34]} 37. Qg6+ {[%emt 0:00:00]} Kh8 {[%emt 0:00:17]} 38. Bxh6 {[%emt 0:00:00]} Re7 {[%emt 0:00:27]} 39. Rc8 {[%emt 0:00:00]} Rxc8 {[%emt 0:00:44]} 40. Rxc8 {[%emt 0:00:00]} Rd7 {[%emt 0:00:00]} 41. Qe8 {[%emt 0:00:00]} 1-0

[Event "40th BAN National Women Chess-ch 2021"]
[Site "Dhaka"]
[Date "2022.01.04"]
[Round "7.5"]
[White "Omnia Binta Yusuf, Lubaba"]
[Black "Khan, Nazrana"]
[Result "1/2-1/2"]
[WhiteElo "1439"]
[BlackElo "1848"]
[Annotator "NA"]
[PlyCount "83"]
[EventDate "2021.12.29"]
[EventCountry "BAN"]
[SourceTitle "playchess.com"]
[Source "ChessBase"]
[SourceQuality "1"]
[TimeControl "40/5400+30:1800+30"]

1. e4 {[%emt 0:00:12]} c5 {[%emt 0:00:06]} 2. c3 {[%emt 0:00:07]} d5 {[%emt 0:00:15]} 3. exd5 {[%emt 0:00:06]} Qxd5 {[%emt 0:00:08]} 4. Nf3 {[%emt 0:00:08]} Nf6 {[%emt 0:00:16]} 5. Na3 {[%emt 0:01:54]} e6 {[%emt 0:01:54]} 6. d4 {[%emt 0:03:18]} Be7 {[%emt 0:05:18]} 7. Bc4 {[%emt 0:03:22]} Qd8 {[%emt 0:04:50]} 8. Nc2 {[%emt 0:01:45]} O-O {[%emt 0:02:05]} 9. O-O {[%emt 0:01:12]} Nc6 {[%emt 0:03:15]} 10. dxc5 {[%emt 0:04:30]} Bxc5 {[%emt 0:02:07]} 11. Be3 {[%emt 0:00:44]} Bxe3 {[%emt 0:02:36]} 12. Nxe3 {[%emt 0:00:08]} Qc7 {[%emt 0:01:57]} 13. Qc2 {[%emt 0:02:38]} b6 {[%emt 0:01:46]} 14. Rad1 {[%emt 0:01:55]} Bb7 {[%emt 0:01:56]} 15. Rd2 {[%emt 0:05:49]} Rad8 {[%emt 0:05:51]} 16. Rfd1 {[%emt 0:01:32]} Rxd2 {[%emt 0:02:00]} 17. Rxd2 {[%emt 0:00:21]} h6 {[%emt 0:02:34]} 18. Nd4 {[%emt 0:12:07]} Nxd4 {[%emt 0:08:05]} 19. Rxd4 {[%emt 0:01:44]} Rd8 {[%emt 0:01:39]} 20. Rxd8+ {[%emt 0:01:22]} Qxd8 {[%emt 0:01:14]} 21. Qd3 {[%emt 0:08:32]} Qxd3 {[%emt 0:04:53]} 22. Bxd3 {[%emt 0:00:08]} Kf8 {[%emt 0:00:07]} 23. Kf1 {[%emt 0:02:38]} Ke7 {[%emt 0:00:14]} 24. Ke2 {[%emt 0:00:53]} Nd5 {[%emt 0:02:07]} 25. g3 {[%emt 0:03:15]} Nxe3 {[%emt 0:04:46]} 26. Kxe3 {[%emt 0:00:23]} Kd6 {[%emt 0:02:34]} 27. b4 {[%emt 0:02:22]} a5 {[%emt 0:01:56]} 28. a3 {[%emt 0:03:35]} Bc6 {[%emt 0:07:27]} 29. c4 {[%emt 0:03:25]} axb4 {[%emt 0:01:49]} 30. axb4 {[%emt 0:00:19]} Be8 {[%emt 0:05:23]} 31. f4 {[%emt 0:01:02]} f6 $11 {[%emt 0:02:13]} 32. f5 {[%emt 0:04:05]} e5 {[%emt 0:03:04]} 33. Be4 {[%emt 0:00:58]} Bf7 {[%emt 0:01:54]} 34. Kd3 {[%emt 0:01:34]} Be8 {[%emt 0:00:35]} 35. g4 {[%emt 0:04:51]} Bd7 {[%emt 0:00:54]} 36. Bb7 {[%emt 0:05:29]} Ba4 {[%emt 0:01:07]} 37. Bf3 {[%emt 0:02:11]} Bb3 {[%emt 0:01:37]} 38. Kc3 {[%emt 0:00:49]} Ba4 {[%emt 0:00:40]} 39. Kd3 {[%emt 0:01:58]} Be8 {[%emt 0:00:54]} 40. Be4 {[%emt 0:00:00]} Bf7 {[%emt 0:00:00]} 41. Kc3 {[%emt 0:03:00]} Be8 {[%emt 0:01:48]} 42. Kd3 {[%emt 0:00:34]} 1/2-1/2

[Event "40th BAN National Women Chess-ch 2021"]
[Site "Dhaka"]
[Date "2022.01.04"]
[Round "7.6"]
[White "Wadifa, Ahmed"]
[Black "Neelava, Choudhury"]
[Result "1-0"]
[WhiteElo "1807"]
[BlackElo "1435"]
[Annotator "NA"]
[PlyCount "56"]
[EventDate "2021.12.29"]
[EventCountry "BAN"]
[SourceTitle "playchess.com"]
[Source "ChessBase"]
[SourceQuality "1"]
[TimeControl "40/5400+30:1800+30"]

1. e4 {[%emt 0:00:03]} e5 {[%emt 0:00:50]} 2. Nf3 {[%emt 0:00:11]} Nc6 {[%emt 0:00:38]} 3. Bb5 {[%emt 0:00:09]} a6 {[%emt 0:01:02]} 4. Ba4 {[%emt 0:00:17]} Nf6 {[%emt 0:01:51]} 5. O-O {[%emt 0:00:24]} Be7 {[%emt 0:00:40]} 6. Re1 {[%emt 0:00:17]} b5 {[%emt 0:02:09]} 7. Bb3 {[%emt 0:00:08]} O-O {[%emt 0:00:25]} 8. d3 {[%emt 0:11:46]} d6 {[%emt 0:07:54]} 9. c3 {[%emt 0:00:25]} Na5 {[%emt 0:05:32]} 10. Bc2 {[%emt 0:00:12]} c5 {[%emt 0:03:59]} 11. Nbd2 {[%emt 0:01:28]} Bb7 {[%emt 0:03:26]} 12. Nf1 {[%emt 0:01:05]} Re8 {[%emt 0:03:57]} 13. Ng3 {[%emt 0:05:02]} g6 {[%emt 0:05:09]} 14. d4 {[%emt 0:06:13]} Qc7 {[%emt 0:06:49]} 15. d5 {[%emt 0:05:36]} Bf8 {[%emt 0:06:35]} 16. Bg5 {[%emt 0:04:24]} Bg7 {[%emt 0:06:58]} 17. Qc1 {[%emt 0:04:34]} Bc8 {[%emt 0:11:06]} 18. Nh4 {[%emt 0:07:33]} Nb7 {[%emt 0:10:30]} 19. Rf1 {[%emt 0:01:36]} c4 {[%emt 0:05:30]} 20. a4 {[%emt 0:01:48]} Bd7 {[%emt 0:03:21]} 21. Bh6 {[%emt 0:02:58]} Qd8 {[%emt 0:05:43]} 22. Bxg7 {[%emt 0:01:08]} Kxg7 {[%emt 0:00:09]} 23. axb5 {[%emt 0:01:00]} Bxb5 {[%emt 0:02:28]} 24. Qg5 {[%emt 0:05:28]} Kh8 {[%emt 0:03:03]} 25. f4 {[%emt 0:03:13]} Nd7 {[%emt 0:02:26]} 26. Qh6 {[%emt 0:01:08]} exf4 {[%emt 0:00:46]} 27. Rxf4 {[%emt 0:01:08]} Ne5 {[%emt 0:00:08]} 28. Nhf5 {[%emt 0:01:03]} gxf5 {[%emt 0:01:26]} 1-0

[Event "40th BAN National Women Chess-ch 2021"]
[Site "Dhaka"]
[Date "2022.01.05"]
[Round "8.1"]
[White "Ahmed, Walijah"]
[Black "Noshin, Anjum"]
[Result "1-0"]
[WhiteElo "1919"]
[BlackElo "2045"]
[Annotator "TA"]
[PlyCount "77"]
[EventDate "2021.12.29"]
[EventCountry "BAN"]
[SourceTitle "playchess.com"]
[Source "ChessBase"]
[SourceQuality "1"]

{[%evp 12,77,26,18,24,24,15,12,31,34,30,25,23,0,122,43,114,138,222,220,214,200,235,158,156,151,164,164,164,138,143,135,177,134,300,136,129,89,82,83,84,88,91,84,172,173,220,179,290,298,286,265,283,272,370,370,361,345,500,511,509,502,966,960,937,905,4910,1656]} 1. e4 e5 2. Nf3 Nc6 3. Bb5 a6 4. Ba4 Nf6 5. d3 b5 6. Bb3 Bc5 7. Nc3 d6 {C77: Ruy Lopez: 3...a6 4 Ba4 Nf6, unusual lines.} 8. Nd5 h6 {To avoid Bg5} 9. c3 Bb7 {The position is equal. 9...Be6 is the modern continuation.} 10. a4 O-O 11. Nxf6+ Qxf6 {[#]} 12. Bd5 $146 {aiming for b4.} ({Predecessor:} 12. g4 bxa4 13. Rxa4 Nd8 14. g5 hxg5 15. Bxg5 Qg6 16. Rg1 Ne6 17. Nh4 Qh7 18. Qg4 {0-1 (45) Yeletsky,I (2469)-Kukhmazov,A (2472) Moscow 2021}) 12... Rab8 (12... b4 $1 $11) 13. g4 (13. b4 $16) 13... Nd8 (13... Na5 $1 $14) 14. g5 $16 hxg5 (14... Qe7 $16) 15. Bxg5 $18 Qg6 {[#] And now ...Bxd5 would win.} 16. Rg1 $1 {Threatens to win with Bxd8.} Ne6 17. Be7 {[%csl LRf8,LRg6]} Qh6 18. Bxf8 Kxf8 19. Bxe6 Qxe6 20. Ng5 Qg6 21. h4 Ke7 22. axb5 (22. d4 $18 exd4 23. cxd4 Bb4+ 24. Kf1) 22... Qf6 $2 {[#]} (22... axb5 $16 {keeps fighting.} 23. b4 Bb6) 23. Qf3 (23. d4 $1 $18 {[%cal Rd4c5] is the precise move to win.} exd4 24. Rg3 (24. bxa6 $2 dxc3 25. Qf3 cxb2 $19)) 23... axb5 $16 24. Qxf6+ gxf6 25. Nf3 f5 26. Nd2 Rh8 27. Rh1 f4 (27... fxe4 $16 28. dxe4 (28. Nxe4 f5 $17) 28... d5) 28. Ke2 Bc6 (28... d5 $142 29. h5 dxe4) 29. Rag1 Bd7 (29... d5 {was worth a try.} 30. h5 Rh6) 30. h5 $18 Rh6 31. Nf3 Bb6 32. Rg5 Be8 33. Nh4 {Hoping for Nf5+.} Bd7 34. Rhg1 c6 (34... Kf8 $142 35. b4 Bh3) 35. Nf5+ {White is clearly winning.} Bxf5 36. Rxf5 ({Less strong is} 36. exf5 b4 37. cxb4 Kf6 $18) 36... f6 (36... Rh7 $142 37. Ra1 Kd8 38. Ra8+ Kd7) 37. Rg6 Rxg6 38. hxg6 Bd8 39. Rh5 {Weighted Error Value: White=0.16 (very precise) /Black=0.48} 1-0

[Event "40th BAN National Women Chess-ch 2021"]
[Site "Dhaka"]
[Date "2022.01.05"]
[Round "8.2"]
[White "Nusrat Jahan, Alo"]
[Black "Talukder, Umme Taslima Protiva"]
[Result "1/2-1/2"]
[WhiteElo "1766"]
[BlackElo "1706"]
[Annotator "NA RC"]
[PlyCount "93"]
[EventDate "2021.12.29"]
[EventCountry "BAN"]
[SourceTitle "playchess.com"]
[Source "ChessBase"]
[SourceQuality "1"]
[TimeControl "40/5400+30:1800+30"]

1. e4 {[%emt 0:00:05]} c5 {[%emt 0:00:14]} 2. Nf3 {[%emt 0:00:10]} d6 {[%emt 0:00:09]} 3. d4 {[%emt 0:00:08]} cxd4 {[%emt 0:00:05]} 4. Nxd4 {[%emt 0:00:15]} Nf6 {[%emt 0:00:44]} 5. Nc3 {[%emt 0:00:29]} a6 {[%emt 0:00:08]} 6. Bg5 {[%emt 0:00:12]} h6 {[%emt 0:02:14]} 7. Bxf6 {[%emt 0:03:47]} gxf6 {[%emt 0:00:16]} 8. Qf3 {[%emt 0:12:51]} Nd7 {[%emt 0:05:25]} 9. Nd5 {[%emt 0:10:18]} Ne5 {[%emt 0:03:43]} 10. Qc3 {[%emt 0:02:33]} Kd7 {[%emt 0:12:30]} 11. Qb4 {[%emt 0:05:22]} Ra7 {[%emt 0:14:15]} 12. Nb6+ {[%emt 0:26:35]} Ke8 {[%emt 0:56:47]} 13. O-O-O {[%emt 0:34:15]} Bd7 {[%emt 0:00:00]} 14. Nxd7 {[%emt 0:00:00]} Qxd7 {[%emt 0:00:00]} 15. Qb6 {[%emt 0:00:00]} Ra8 {[%emt 0:00:00]} 16. f4 {[%emt 0:00:00]} Nc6 {[%emt 0:00:00]} 17. Nb3 {[%emt 0:00:00]} Qc8 {[%emt 0:00:00]} 18. Rd3 {[%emt 0:00:00]} e6 {[%emt 0:00:00]} 19. Rc3 {[%emt 0:00:00]} Qd7 {[%emt 0:00:00]} 20. Rd3 {[%emt 0:00:00]} Qc8 {[%emt 0:00:00]} 21. Be2 {[%emt 0:00:00]} Be7 {[%emt 0:00:00]} 22. Rhd1 {[%emt 0:00:00]} Bd8 {[%emt 0:00:00]} 23. Qf2 {[%emt 0:00:00]} Nb4 {[%emt 0:00:00]} 24. R3d2 {[%emt 0:00:00]} Be7 {[%emt 0:00:00]} 25. a3 {[%emt 0:00:00]} Nc6 {[%emt 0:06:30]} 26. Bf3 {[%emt 0:06:30]} Qc7 {[%emt 0:00:00]} 27. Bh5 {[%emt 0:00:00]} Rc8 {[%emt 0:00:00]} 28. Kb1 {[%emt 0:00:00]} b5 {[%emt 0:00:00]} 29. Nd4 {[%emt 0:00:00]} Nxd4 {[%emt 0:00:00]} 30. Qxd4 {[%emt 0:00:00]} Qc5 {[%emt 0:00:00]} 31. Qxc5 {[%emt 0:00:00]} Rxc5 {[%emt 0:00:00]} 32. Bf3 {[%emt 0:00:00]} Kd7 {[%emt 0:03:30]} 33. b3 {[%emt 0:00:00]} Rhc8 {[%emt 0:00:00]} 34. Kb2 {[%emt 0:00:00]} R8c7 {[%emt 0:00:00]} 35. Rc1 {[%emt 0:00:55]} Rc3 {[%emt 0:00:00]} 36. Rd3 {[%emt 0:00:26]} Rxd3 {[%emt 0:00:00]} 37. cxd3 {[%emt 0:00:05]} Rxc1 {[%emt 0:00:00]} 38. Kxc1 {[%emt 0:00:06]} a5 {[%emt 0:00:00]} 39. f5 {[%emt 0:01:42]} d5 {[%emt 0:00:00]} 40. Kb2 {[%emt 0:00:00]} dxe4 {[%emt 0:00:00]} 41. dxe4 {[%emt 0:03:04]} Bd6 {[%emt 0:00:00]} 42. h3 {[%emt 0:00:20]} Be5+ {[%emt 0:00:00]} 43. Kc2 {[%emt 0:00:21]} b4 {[%emt 0:00:00]} 44. a4 {[%emt 0:00:33]} exf5 {[%emt 0:00:00]} 45. exf5 {[%emt 0:00:11]} Kd6 {[%emt 0:00:00]} 46. Kd3 {[%emt 0:00:39]} Bg3 {[%emt 0:00:00]} 47. Ke4 {[%emt 0:32:08]} 1/2-1/2